[Event "BCF-chT4S 1819 (4NCL)"]
[Site "England"]
[Date "2019.02.09"]
[Round "5.74"]
[White "Graff, Ben"]
[Black "Zdanowski, Adrian"]
[Result "1-0"]
[WhiteElo "1847"]
[BlackElo "2012"]
[PlyCount "47"]
[EventDate "2018.11.17"]
[EventType "team-swiss"]
[EventRounds "11"]
[EventCountry "ENG"]
[SourceTitle "EXT 2021"]
[Source "ChessBase"]
[SourceDate "2020.10.23"]
[SourceVersion "1"]
[SourceVersionDate "2020.10.23"]
[SourceQuality "1"]
[WhiteTeam "Throw in the Tal"]
[BlackTeam "Shropshire II"]
[WhiteTeamCountry "ENG"]
[BlackTeamCountry "ENG"]

1. d4 g6 2. Bf4 Bg7 3. Nc3 c5 4. e3 cxd4 5. exd4 d6 6. Nf3 Nf6 7. Qd2 Bf5 8. h3 h5 9. Bd3 Bxd3 10. Qxd3 a6 11. 0-0 Nbd7 12. Rfe1 Nb6 13. Re2 Qd7 14. Rae1 e6 15. d5 e5 16. Bxe5 dxe5 17. Nxe5 Qc7 18. Nxg6+ Kd8 19. Nxh8 Bxh8 20. d6 Qc5 21. Re7 Rc8 22. Rxf7 Nbd5 23. Rf8+ Kd7 24. Qf5+ 1-0

[Event "Telford 4NCL U2050 op"]
[Site "Telford"]
[Date "2018.11.04"]
[Round "8"]
[White "Zdanowski, Adrian"]
[Black "Ansari, Athar"]
[Result "1-0"]
[WhiteElo "1845"]
[BlackElo "1888"]
[PlyCount "71"]
[EventDate "2018.10.31"]
[EventType "swiss"]
[EventRounds "9"]
[EventCountry "ENG"]
[SourceTitle "EXT 2021"]
[Source "ChessBase"]
[SourceDate "2020.10.23"]
[SourceVersion "1"]
[SourceVersionDate "2020.10.23"]
[SourceQuality "1"]

1. Nf3 Nf6 2. c4 e6 3. Nc3 d5 4. cxd5 exd5 5. d4 Be7 6. g3 0-0 7. Bg2 c6 8. 0-0 Bg4 9. Ne5 Qc8 10. Nxg4 Qxg4 11. e3 Qxd1 12. Rxd1 Nbd7 13. a3 a5 14. a4 Bb4 15. Bd2 Rfe8 16. Ne2 Bd6 17. Nc3 Ne4 18. Nxe4 dxe4 19. Bc3 Nb6 20. b3 Nd5 21. Bb2 Ra6 22. Ba3 Bxa3 23. Rxa3 Nc3 24. Re1 Rb6 25. Bf1 Rb4 26. Rc1 Nd5 27. Bc4 Ne7 28. Be2 Rc8 29. Rc5 b6 30. Re5 Nd5 31. Bc4 Nc3 32. Re7 b5 33. Bxf7+ Kf8 34. Ra7 bxa4 35. bxa4 c5 36. Rxc3 1-0

[Event "Telford 4NCL U2050 op"]
[Site "Telford"]
[Date "2018.11.01"]
[Round "2"]
[White "Zdanowski, Adrian"]
[Black "Truman, Richard G"]
[Result "1-0"]
[WhiteElo "1845"]
[BlackElo "1902"]
[PlyCount "71"]
[EventDate "2018.10.31"]
[EventType "swiss"]
[EventRounds "9"]
[EventCountry "ENG"]
[SourceTitle "CBM 187 Extra"]
[Source "ChessBase"]
[SourceDate "2018.11.04"]
[SourceVersion "1"]
[SourceVersionDate "2018.11.04"]
[SourceQuality "1"]

1. d4 Nf6 2. Nf3 g6 3. c4 Bg7 4. Nc3 d5 5. cxd5 Nxd5 6. e4 Nxc3 7. bxc3 c5 8. Be3 Qa5 9. Qd2 Nc6 10. Rc1 cxd4 11. Nxd4 0-0 12. Nxc6 bxc6 13. c4 Qa3 14. Be2 Be6 15. 0-0 Rab8 16. Rb1 f5 17. Qc2 Be5 18. Rfd1 Rxb1 19. Rxb1 Qd6 20. h3 fxe4 21. Rd1 Qc7 22. Qa4 a5 23. Qc2 Rb8 24. Rb1 Kg7 25. g4 Bf7 26. Qxe4 Rxb1+ 27. Qxb1 Bh2+ 28. Kg2 Bf4 29. Qb2+ Be5 30. Qd2 c5 31. a4 Qc6+ 32. Kg1 Qb6 33. Bh6+ Kg8 34. Qd7 Qc7 35. Qb5 Be8 36. Qxe8# 1-0

[Event "Telford 4NCL op-B 19th"]
[Site "Telford"]
[Date "2018.07.15"]
[Round "4"]
[White "Zdanowski, Adrian"]
[Black "Lovell, William Pm"]
[Result "1/2-1/2"]
[WhiteElo "1882"]
[BlackElo "1737"]
[PlyCount "138"]
[EventDate "2018.07.13"]
[EventType "swiss"]
[EventRounds "5"]
[EventCountry "ENG"]
[SourceTitle "EXT 2019"]
[Source "ChessBase"]
[SourceDate "2018.10.10"]
[SourceVersion "1"]
[SourceVersionDate "2018.10.10"]
[SourceQuality "1"]

1. Nf3 d5 2. c4 dxc4 3. Na3 a6 4. Nxc4 b5 5. Nce5 Bb7 6. g3 Nd7 7. Nxd7 Qxd7 8. Bg2 Nf6 9. 0-0 e6 10. b3 c5 11. Bb2 Be7 12. Rc1 Rc8 13. d3 0-0 14. Qd2 Rfd8 15. Rfd1 Ba8 16. h3 Qa7 17. Qe1 Nd7 18. d4 Bf6 19. e3 h6 20. Qe2 cxd4 21. Rxc8 Rxc8 22. Bxd4 Bxd4 23. Nxd4 Bxg2 24. Kxg2 Ne5 25. f3 Qb7 26. Kf2 Nc6 27. Nc2 Rd8 28. Rxd8+ Nxd8 29. Ne1 Qd5 30. Nd3 Nb7 31. Qc2 Kf8 32. Ke2 a5 33. e4 Qd7 34. Qc3 f6 35. e5 f5 36. g4 fxg4 37. hxg4 g5 38. f4 Qd5 39. fxg5 Qe4+ 40. Kf2 hxg5 41. a3 Ke8 42. b4 axb4 43. axb4 Ke7 44. Ne1 Ke8 45. Nf3 Nd8 46. Qc5 Qd3 47. Nd4 Qd2+ 48. Ne2 Qd3 49. Qc1 Nf7 50. Qc8+ Nd8 51. Qc3 Qxc3 52. Nxc3 Nc6 53. Nxb5 Nxb4 54. Nd6+ Ke7 55. Ke3 Nc6 56. Ke4 Nd8 57. Kd3 Nc6 58. Nc4 Kd7 59. Ke4 Ke7 60. Nd2 Nd8 61. Nf3 Nf7 62. Kd4 Nh6 63. Nh2 Kd7 64. Ke4 Ke7 65. Ke3 Kd7 66. Ke4 Ke7 67. Nf3 Nxg4 68. Nxg5 Nxe5 69. Nxe6 Kxe6 1/2-1/2

[Event "BCF-chT4 1516 (4NCL)"]
[Site "England"]
[Date "2016.02.13"]
[Round "5.195"]
[White "Zdanowski, Adrian"]
[Black "Munshi, Aditya"]
[Result "1-0"]
[WhiteElo "1967"]
[BlackElo "1930"]
[PlyCount "61"]
[EventDate "2015.11.14"]
[EventType "team-swiss"]
[EventRounds "11"]
[EventCountry "ENG"]
[SourceTitle "EXT 2017"]
[Source "ChessBase"]
[SourceDate "2016.10.25"]
[SourceVersion "1"]
[SourceVersionDate "2016.10.25"]
[SourceQuality "1"]
[WhiteTeam "Shropshire II"]
[BlackTeam "Midland Monarchs II"]
[WhiteTeamCountry "ENG"]
[BlackTeamCountry "ENG"]

1. d4 Nf6 2. Nf3 e6 3. c4 b6 4. g3 Ba6 5. Qc2 Bb4+ 6. Bd2 Be7 7. Bg2 c6 8. b4 d5 9. c5 bxc5 10. bxc5 Nbd7 11. Na3 Qc7 12. Qa4 Bb7 13. Bf4 Qc8 14. 0-0 0-0 15. Rab1 Ne4 16. Qc2 f6 17. Nd2 Nxd2 18. Bxd2 e5 19. e3 e4 20. Rfc1 f5 21. Bf1 Rf6 22. Qa4 Rh6 23. Qb4 Rb8 24. Qa5 Qe8 25. Nc2 Qh5 26. h3 Bxc5 27. dxc5 Ne5 28. Ne1 Re8 29. Rxb7 g5 30. Qc7 Rg6 31. Bc3 1-0